Guess Which Kitchen Tools are Essential - Sudden Death - Statistics

General Stats
  • This quiz has been taken 25 times
  • The average score is 11 of 20
Answers on the Grid
Answers color-coded by a green-red scale on the quiz's grid according to % correct below.
Drying Rack
Oven Mitts
Measuring Cups
Measuring Glasses
Knives
Sporks
Cutting Board
Meal Prep
Baking Sheet
Pots and Pans
Drinking Glasses
Eating Glasses
Plates
Eating Bowls
Mixing Bowls
Soup Bowls
Strainer
Whisk
Spatula
Toaster
Coffee Maker
Mugs
Electric Kettle
Meat Thermometer
Boiled Egg Containers
Banana Slicer
Avocado Slicer
Blender
 
Answer Stats
Answer % Correct
Knives
94%
Pots and Pans
88%
Spatula
75%
Cutting Board
69%
Measuring Cups
69%
Oven Mitts
69%
Plates
69%
Baking Sheet
63%
Mixing Bowls
63%
Strainer
63%
Whisk
63%
Blender
56%
Meat Thermometer
56%
Drinking Glasses
44%
Toaster
38%
Eating Bowls
31%
Mugs
31%
Drying Rack
25%
Coffee Maker
19%
Sporks
6%
No matching quizzes found
Score Distribution
Percent of People with Each Score
Percentile by Number Answered
Your Score History
You have not taken this quiz